000 02126nam a2200349 i 4500
001 991061426310706706
003 ES-BaIT
005 20250722073007.0
008 250704s2025 sp 000 0 spa|c
017 _aDL M 7284-2025
_bOficina DL Madrid
020 _a9788410060388
040 _aES-BaUB
_bcat
_erda
_cES-BaUB
080 _a792.028:796
100 _aEstaire, Félix,
_d1976-
_eautor
_9153223
245 1 0 _aDramaturgia y deporte :
_bprocedimientos y dinámicas de juego en estadios y escenarios /
_cFélix Estaire
250 _aPrimera edición
264 1 _aMadrid :
_bEdiciones Antígona,
_c2025
300 _a213 pàgines ;
_c23cm
336 _atext
_btxt
_2rdacontent
337 _asense mediació
_bn
_2rdamedia
338 _avolum
_bnc
_2rdacarrier
490 0 _aSerie RESAD, estudios teatrales ;
_v52
504 _aBibliografia pàginas: 205-211
520 _a"El presente estudio propone una mirada analítica y práctica sobre las relaciones entre las manifestaciones deportivas y la dramaturgia. La pretensión es relacionar las indicaciones de algunas de las más significativas preceptivas dramatúrgicas con determinados manuales, procedimientos o reglamentos deportivos tanto en lo que se refiere a sus planteamientos temáticos como estructurales. Para ello, se analizan y se estudian la práctica, la definición y el manejo de una selección de conceptos dramatúrgicos (progresión dramática, conflicto, etc.) para ver cómo se articulan para componer lo que serían las ‘dramaturgias del deporte’. Se trata de descubrir las estructuras dramáticas que utiliza el deporte para elaborar su ordenación y sus normas y constatar si pretenden, en gran medida, posibilitar espacios de incertidumbre que fomenten la emoción a través de la necesidad de resolver una o varias cuestiones puestas en juego." -- Contracoberta
650 0 _aTeatre i esports
_9155812
650 0 _aEsports en el teatre
_9155813
650 7 _aDinàmica de grups
_956667
710 2 _aReal Escuela Superior de Arte Dramático
_eentidad editora
_954771
908 _aCDMAE
940 _aCVA7
942 _2udc
_c1
999 _c136427
_d136427